000 00654nam a2200289Ia 4500
005 20260324140133.0
008 008 260324s9999 xx 000 0 eng d
020 _a9780429219696
037 _aEBOOK
040 _aCRL
040 _beng
040 _cCRL
041 _2eng
041 _aeng
084 _qCRL
100 _aRaimo Hiltunen; Yvonne Holm
_91203268
245 0 _aBasil
245 4 _bThe Genus Ocimum
260 _bTaylor and Francis
260 _c1999
365 _a
365 _b285
856 _uhttp://www.taylorfrancis.com/books/9780429219696
942 _cEBOOK
999 _c1805000
_d1805000